000 01468nam0a2200349 4500
001 RU\NLR\bibl\1347924
005 20250615172835.0
010 _a5-85220-320-8
_bв пер.
_9500
021 _aRU
_b2009-5535
_9315
035 _a(nilc)RSL-KNO-004242098
035 _a(NLR Aleph) 001333036
090 _a812585
_c812585
100 _a20090225d2008 |||y0rusy50 ca
101 0 _arus
102 _aRU
105 _ay zzzz|||||
200 1 _aДва века - два тысячелетия
_eстихотворения
_fВиктор Тюменцев
210 _aАстрахань
_cАстраханское отделение Союза писателей России
_d2008
215 _a163 с.
_d17
610 0 _aФилологические науки. Художественная литература -- Российская Федерация -- Русская литература -- с сер. 50-х гг. 20 в. -- Произведения художественной литературы -- Поэзия -- Сборники одного автора
686 _aШ5(2=Р)75-65я44
_2rubbk
686 _aШ6(2=Р)75-5
700 1 _aТюменцев
_bВ. Г.
_gВиктор Гаврилович
_4070
801 0 _aRU
_bРКП
_c20090225
_grcr
801 1 _aRU
_bРГБ
_c20090225
801 2 _aRU
_bNLR
_c20090327
_grcr
830 _aавт. по кн.
942 _cBOOK
980 _aNB
980 _aNBR